ਪੰਜਾਬੀ ਆਲੋਚਨਾ : (Record no. 70994)

MARC details
000 -LEADER
fixed length control field 01111nam a22002657a 4500
005 - DATE AND TIME OF LATEST TRANSACTION
control field 2009080405165.0
008 - FIXED-LENGTH DATA ELEMENTS--GENERAL INFORMATION
fixed length control field 090728t xxu||||| |||| 00| 0 pun d
010 ## - LCCN (DPL NO)
LC control number PUN-7433
020 ## - INTERNATIONAL STANDARD BOOK NUMBER
Terms of availability 250.00
International Standard Book Number 9788178563138
035 ## - SYSTEM CONTROL NUMBER
System control number PN-6551
037 ## - SOURCE OF ACQUISITION
Source of stock number/acquisition DBAD / PUB/Waris Shah Foundations
040 ## - CATALOGING SOURCE
Original cataloging agency dpl
Language of cataloging PN
082 ## - DEWEY DECIMAL CLASSIFICATION NUMBER
Classification number 854
100 ## - MAIN ENTRY--PERSONAL NAME
9 (RLIN) 37323
Personal name ਬ੍ਰਹਮਜਗਦੀਸ਼ ਸਿੰਘ
245 ## - TITLE STATEMENT
Title ਪੰਜਾਬੀ ਆਲੋਚਨਾ :
Statement of responsibility, etc ਬ੍ਰਹਮਜਗਦੀਸ਼ ਸਿੰਘ
Remainder of title ਆਰੰਭ, ਵਿਕਾਸ ਅਤੇ ਪ੍ਰਣਲੀਆਂ /
246 ## - VARYING FORM OF TITLE
Title proper/short title Punjabi Alochna ;Arambh, Vikas te parnalian
Remainder of title by Brahm Jagdish Singh
260 ## - PUBLICATION, DISTRIBUTION, ETC. (IMPRINT)
Place of publication, distribution, etc Amritsar
Name of publisher, distributor, etc Waris Shah Foundations
Date of publication, distribution, etc 2012
270 ## - ADDRESS
City 42, Guru Teg Bahadur Nagar,
Address Amritsar (Pb)
Telephone number 0183-2450520
Postal code 143 002
300 ## - PHYSICAL DESCRIPTION
Extent 208ਪਂ;
Other physical details 21ਸੇਂਮੀ(ਸਜਿਲਦ)
650 ## - SUBJECT ADDED ENTRY--TOPICAL TERM
9 (RLIN) 37324
650 ## - SUBJECT ADDED ENTRY--TOPICAL TERM
9 (RLIN) 37325
700 ## - ADDED ENTRY--PERSONAL NAME
9 (RLIN) 52947
942 ## - ADDED ENTRY ELEMENTS (KOHA)
Source of classification or shelving scheme Dewey Decimal Classification
Item type Punjabi Bks
Classification part 854
Call number suffix ਬ੍ਰਹਮ
Holdings
Withdrawn status Lost status Source of classification or shelving scheme Damaged status Not for loan Collection code Home library Current library Date acquired Source of acquisition Cost, normal purchase price Total Checkouts Full call number Barcode Date last seen Copy number Cost, replacement price Koha item type
    Dewey Decimal Classification     Non-fiction D.B.Act.Division D.B.Act.Division 18/10/2012 DBAD / PUB 250.00   854 ਬ੍ਰਹਮ PN-6551 18/10/2012 1 250.00 Punjabi Bks

© Delhi Public Library
Hit Counter
free hit counter